Geschichte der Regierung des Kaisers Maximilian I. und die Französische Intervention in Mexiko, 1861-1867 (Record no. 6080)

MARC details
000 -CABECERA
campo de control de longitud fija 01157nam a2200229 a 4500
001 - NÚMERO DE CONTROL
campo de control BRCA_6395
005 - FECHA Y HORA DE LA ÚLTIMA TRANSACCIÓN
campo de control 20190320205434.0
008 - DATOS DE LONGITUD FIJA--INFORMACIÓN GENERAL
campo de control de longitud fija 030911s1903----au-#######---#000-0#ger-#
050 #4 - SIGNATURA TOPOGRÁFICA DE LA BIBLIOTECA DEL CONGRESO
Número de clasificación F1233
Número de documento/Ítem .S34 1903
100 1# - ENTRADA PRINCIPAL--NOMBRE DE PERSONA
Nombre de persona Ritter von Tavera, Ernst Schmit
9 (RLIN) 15994
245 10 - MENCIÓN DE TÍTULO
Título Geschichte der Regierung des Kaisers Maximilian I. und die Französische Intervention in Mexiko, 1861-1867
Mención de responsabilidad, etc. von Ernst Schmit Ritter von Tavera.
260 ## - PUBLICACIÓN, DISTRIBUCIÓN, ETC.
Lugar de publicación, distribución, etc. Viena
Nombre del editor, distribuidor, etc. Wilhelm Braumüller
Fecha de publicación, distribución, etc. 1903
300 ## - DESCRIPCIÓN FÍSICA
Extensión 2 v.
Otras características físicas il. 1 mapa plegable a color en v.1
Dimensiones 25 cm.
500 ## - NOTA GENERAL
Nota general La biblioteca cuenta con 2 ejemplares de cada volumen
500 ## - NOTA GENERAL
Nota general Estado físico: v.1-ej.1. (sin lomo y cubierta posterior), v.1-ej.2 (sin cubierta anterior). v.2-ej.1 (le falta la mitad del lomo), v.2-ej.2 (sin lomo y cubierta anterior). En general los 4 ejemplares presentan encuadernación muy deteriorada.
500 ## - NOTA GENERAL
Nota general Incluye lista de literatura del imperialismo en México e índice alfabético (v.2)
500 ## - NOTA GENERAL
Nota general CDE3
600 14 - PUNTO DE ACCESO ADICIONAL DE MATERIA--NOMBRE DE PERSONA
Nombre de persona Maximiliano
Títulos y otros términos asociados al nombre Emperador de México
Fechas asociadas al nombre 1861-1867
9 (RLIN) 15995
651 #4 - PUNTO DE ACCESO ADICIONAL DE MATERIA--NOMBRE GEOGRÁFICO
Nombre geográfico México
Subdivisión general Intervención Europea
Subdivisión cronológica 1861-1867 - Historia
9 (RLIN) 15996
902 ## - CATALOGADOR
Iniciales GFM
942 ## - ELEMENTOS DE PUNTO DE ACCESO ADICIONAL (KOHA)
Fuente del sistema de clasificación o colocación Library of Congress Classification
Tipo de ítem Koha Libros
Holdings
Estado de retiro Estado de pérdida Estado dañado No para préstamo Localización permanente Ubicación/localización actual Fecha de adquisición Número de inventario Total de préstamos Signatura topográfica completa Código de barras Fecha visto por última vez Precio válido a partir de Tipo de ítem Koha
El ejemplar forma parte de la colección y puede ser consultado según las políticas vigentes.       Biblioteca del Museo Franz Mayer (Rogerio Casas-Alatriste) Biblioteca del Museo Franz Mayer (Rogerio Casas-Alatriste) 03/09/2011 CDE3   F1233 .S34 1903 (CDE3) 6842 22/03/2019 22/03/2019 Libros